[Event "Skakthing Reykjavikur"]
[Site "Reykjavik"]
[Date "2017.01.08"]
[Round "1"]
[White "Kjartansson, Gudmundur"]
[Black "Lemery, Jon Thor"]
[Result "1-0"]
[WhiteElo "2468"]
[BlackElo "1736"]
[PlyCount "119"]
[EventDate "2017.01.08"]
[EventType "swiss"]
[EventRounds "9"]
[EventCountry "ISL"]

1. Nf3 Nc6 2. d4 d5 3. e3 Nf6 4. c4 e6 5. Nc3 Be7 6. a3 O-O 7. Qc2 a6 8. b4 Re8
9. Bb2 g6 10. Rd1 Bf8 11. Be2 Bg7 12. O-O Bd7 13. Rfe1 Bc8 14. h3 Kh8 15. Ne5
Kg8 16. f4 Re7 17. Bf3 Re8 18. Re2 Ne7 19. g4 c6 20. a4 Nd7 21. e4 Nxe5 22.
dxe5 Qb6+ 23. Rf2 dxc4 24. a5 Qxb4 25. Qa4 Qc5 26. Qa3 Qe3 27. Bc1 Qa7 28. g5
b5 29. axb6 Qxb6 30. Na4 Qc7 31. Be3 Rb8 32. Qc5 Rb5 33. Qxc4 Bb7 34. Nc5 Bc8
35. Rfd2 Bf8 36. Be2 Kg7 37. Qc3 Ng8 38. Bxb5 axb5 39. Nd7 Bxd7 40. Rxd7 Qc8
41. Bc5 Ne7 42. Ra7 Rd8 43. Rxd8 Qxd8 44. Qd4 Qxd4+ 45. Bxd4 c5 46. Bxc5 Nc6
47. Bxf8+ Kxf8 48. Rb7 b4 49. Kf2 b3 50. Rxb3 Nd4 51. Rb8+ Kg7 52. Rb6 Nc2 53.
Ke2 Nd4+ 54. Ke3 Nc2+ 55. Kd3 Ne1+ 56. Ke2 Ng2 57. Kf3 Ne1+ 58. Kf2 Nd3+ 59.
Ke3 Nc1 60. Kd2 1-0

[Event "Skakthing Reykjavikur"]
[Site "Reykjavik"]
[Date "2017.01.08"]
[Round "1"]
[White "Hjaltason, Elvar Orn"]
[Black "Thorfinnsson, Bjorn"]
[Result "0-1"]
[WhiteElo "1709"]
[BlackElo "2404"]
[PlyCount "58"]
[EventDate "2017.01.08"]
[EventType "swiss"]
[EventRounds "9"]
[EventCountry "ISL"]

1. c4 e5 2. g3 f5 3. Bg2 Nf6 4. Nc3 Nc6 5. d3 Bc5 6. e3 O-O 7. Nge2 a6 8. a3
Ba7 9. b4 d6 10. O-O Be6 11. Rb1 Qe7 12. a4 Nd8 13. b5 axb5 14. axb5 Bb6 15.
Qb3 Qf7 16. Na4 Ba5 17. Nac3 e4 18. Nf4 exd3 19. Nxe6 Nxe6 20. Na4 d2 21. Bb2
Ne4 22. Bxe4 fxe4 23. c5 dxc5 24. Bc3 Bxc3 25. Nxc3 Ng5 26. Qxf7+ Rxf7 27. Rfd1
Ra3 28. Nd5 Rd7 29. Rxd2 Nf3+ 0-1

[Event "Skakthing Reykjavikur"]
[Site "Reykjavik"]
[Date "2017.01.08"]
[Round "1"]
[White "Gislason, Gudmundur"]
[Black "Jonatansson, Sigurdur Freyr"]
[Result "1-0"]
[WhiteElo "2332"]
[BlackElo "1682"]
[PlyCount "87"]
[EventDate "2017.01.08"]
[EventType "swiss"]
[EventRounds "9"]
[EventCountry "ISL"]

1. Nf3 Nf6 2. g3 g6 3. Bg2 Bg7 4. O-O O-O 5. d4 d5 6. c4 Nc6 7. Nbd2 Re8 8.
cxd5 Nxd5 9. Nc4 Nb6 10. Nxb6 axb6 11. d5 Nb4 12. Qb3 Na6 13. Be3 e5 14. Rac1
Bf8 15. Ng5 Bd6 16. Qa4 h6 17. Ne4 Kg7 18. Nxd6 cxd6 19. Bxb6 Qe7 20. Qa5 Bd7
21. Qd2 f5 22. e4 fxe4 23. Bxe4 Bh3 24. Rfe1 Rf8 25. b4 Qf6 26. a4 Rf7 27. a5
Raf8 28. b5 Nc5 29. Rxc5 dxc5 30. Bxc5 Rc8 31. Be3 g5 32. Qb2 Rc4 33. Bh1 Bf5
34. Qb3 Rfc7 35. b6 Rc3 36. Qb2 R7c4 37. a6 Qd8 38. Bd2 Rc2 39. Qxe5+ Kg6 40.
axb7 Qxb6 41. b8=Q Qxb8 42. Qxb8 Rxd2 43. Qg8+ Kh5 44. Qf7+ 1-0

[Event "Skakthing Reykjavikur"]
[Site "Reykjavik"]
[Date "2017.01.08"]
[Round "1"]
[White "Einarsson, Oskar Long"]
[Black "Ragnarsson, Dagur"]
[Result "0-1"]
[WhiteElo "1671"]
[BlackElo "2276"]
[PlyCount "50"]
[EventDate "2017.01.08"]
[EventType "swiss"]
[EventRounds "9"]
[EventCountry "ISL"]

1. e4 e6 2. d4 d5 3. Nd2 a6 4. Bd3 c5 5. c3 Nc6 6. dxc5 Bxc5 7. exd5 Qxd5 8.
Ndf3 e5 9. Bc2 Be6 10. Ne2 Rd8 11. O-O Nf6 12. Bg5 Qc4 13. Qe1 Qb5 14. b3 h6
15. Bxf6 gxf6 16. Ng3 Kd7 17. Rd1+ Kc8 18. Rxd8+ Rxd8 19. Ne4 Be7 20. Qe3 f5
21. Ng3 f4 22. c4 Qa5 23. Qe2 fxg3 24. hxg3 Qxa2 25. Nh4 Nd4 0-1

[Event "Skakthing Reykjavikur"]
[Site "Reykjavik"]
[Date "2017.01.08"]
[Round "1"]
[White "Johannesson, Orn Leo"]
[Black "Vignisson, Ingvar Egill"]
[Result "1-0"]
[WhiteElo "2212"]
[BlackElo "1652"]
[PlyCount "63"]
[EventDate "2017.01.08"]
[EventType "swiss"]
[EventRounds "9"]
[EventCountry "ISL"]

1. e4 c5 2. Nf3 d6 3. Bb5+ Bd7 4. Bxd7+ Qxd7 5. O-O Nc6 6. b3 e5 7. d3 h6 8. c4
Nf6 9. Ne1 Be7 10. Nc2 O-O 11. Ne3 Bd8 12. Nc3 Ba5 13. Ne2 Nh5 14. g4 Nf6 15.
h3 g5 16. Nf5 Kh7 17. Be3 Ne7 18. Nxe7 Qxe7 19. Rc1 Kg6 20. Ng3 Ne8 21. Kg2 Ng7
22. Rh1 f6 23. h4 Rh8 24. Qf3 Qe6 25. Rh2 Raf8 26. Rch1 Qc8 27. Nf5 Nxf5 28.
gxf5+ Kg7 29. Qh5 Qe8 30. hxg5 hxg5 31. Qh7+ Rxh7 32. Rxh7+ 1-0

[Event "Skakthing Reykjavikur"]
[Site "Reykjavik"]
[Date "2017.01.08"]
[Round "1"]
[White "Hannesson, Sigurdur Orn"]
[Black "Ptacnikova, Lenka"]
[Result "0-1"]
[WhiteElo "1632"]
[BlackElo "2210"]
[PlyCount "78"]
[EventDate "2017.01.08"]
[EventType "swiss"]
[EventRounds "9"]
[EventCountry "ISL"]

1. d4 Nf6 2. c4 e6 3. Nc3 Bb4 4. Nf3 O-O 5. e3 d6 6. Be2 Nbd7 7. O-O Bxc3 8.
bxc3 Ne4 9. Qc2 f5 10. Nd2 Ndf6 11. Nxe4 fxe4 12. f3 Qe8 13. fxe4 Qg6 14. Bf3
e5 15. Ba3 Re8 16. Rf2 b6 17. d5 a5 18. Re1 Ba6 19. Be2 Qxe4 20. Bd3 Qh4 21. g3
Qh6 22. e4 Bc8 23. Bc1 Qg6 24. Bf1 Bd7 25. Bd3 Rf8 26. Bf1 Rf7 27. Bg2 Raf8 28.
Ref1 Bc8 29. Qe2 Bg4 30. Qe3 h6 31. Qd3 Qh5 32. Qc2 Bc8 33. Bf3 Qg6 34. Bg2 Ba6
35. Qd3 Ng4 36. Rxf7 Rxf7 37. Rxf7 Qxf7 38. Qe2 h5 39. Bh3 Bxc4 0-1

[Event "Skakthing Reykjavikur"]
[Site "Reykjavik"]
[Date "2017.01.08"]
[Round "1"]
[White "Jonasson, Benedikt"]
[Black "Briem, Hedinn"]
[Result "1-0"]
[WhiteElo "2208"]
[BlackElo "1576"]
[PlyCount "94"]
[EventDate "2017.01.08"]
[EventType "swiss"]
[EventRounds "9"]
[EventCountry "ISL"]

1. e4 d5 2. exd5 Nf6 3. d4 Nxd5 4. c4 Nb4 5. a3 N4c6 6. Be3 e6 7. Nf3 Nd7 8.
Nc3 Be7 9. Bd3 Bf6 10. Ne4 Ne7 11. Qc2 Nf5 12. O-O-O Nxe3 13. fxe3 Be7 14. g4
Nf6 15. Nf2 c5 16. g5 Nh5 17. Ne4 Qa5 18. d5 exd5 19. cxd5 Bd7 20. d6 Bd8 21.
Ne5 c4 22. Nxc4 Qb5 23. h4 Rc8 24. Nc3 Rxc4 25. Nxb5 Rxc2+ 26. Kxc2 a6 27. Nc3
f6 28. Ne4 fxg5 29. hxg5 g6 30. Rdf1 Bb6 31. Nf6+ Nxf6 32. gxf6 Kf7 33. Bc4+
Be6 34. Bxe6+ Kxe6 35. f7 Rf8 36. Rxh7 Bc5 37. Rg7 Bxd6 38. Rxg6+ Ke7 39. Kd3
Bc7 40. Rg7 Ke6 41. Rh7 Ke7 42. Ke4 Ke6 43. Rf5 Kd6 44. Re5 Kd7 45. Re8 Bd6 46.
Rxf8 Bxf8 47. Kd5 Ke7 1-0

[Event "Skakthing Reykjavikur"]
[Site "Reykjavik"]
[Date "2017.01.08"]
[Round "1"]
[White "Kristjansson, Halldor"]
[Black "Omarsson, Dadi"]
[Result "0-1"]
[WhiteElo "1560"]
[BlackElo "2197"]
[PlyCount "54"]
[EventDate "2017.01.08"]
[EventType "swiss"]
[EventRounds "9"]
[EventCountry "ISL"]

1. e4 c5 2. Nf3 d6 3. d4 cxd4 4. Nxd4 Nf6 5. Nc3 g6 6. Be3 Bg7 7. Be2 Nc6 8.
Qd2 O-O 9. O-O-O Ng4 10. Bxg4 Bxg4 11. f3 Be6 12. g4 Ne5 13. Qe2 Rc8 14. Nxe6
fxe6 15. f4 Nc4 16. h4 Nxb2 17. Kxb2 Bxc3+ 18. Kc1 Qa5 19. Rdf1 Qxa2 20. Kd1
Qb1+ 21. Bc1 Bb2 22. Qd2 Rc4 23. Rf3 Bxc1 24. Qxc1 Rd4+ 25. Rd3 Rxd3+ 26. cxd3
Qxd3+ 27. Qd2 Qf3+ 0-1

[Event "Skakthing Reykjavikur"]
[Site "Reykjavik"]
[Date "2017.01.08"]
[Round "1"]
[White "Olafsson, Thorvadur F"]
[Black "Jonasson, Hordur"]
[Result "1-0"]
[WhiteElo "2188"]
[BlackElo "1528"]
[PlyCount "81"]
[EventDate "2017.01.08"]
[EventType "swiss"]
[EventRounds "9"]
[EventCountry "ISL"]

1. e4 c6 2. d4 d5 3. Nc3 dxe4 4. Nxe4 Bf5 5. Ng3 Bg6 6. h4 h6 7. Nf3 Nd7 8. h5
Bh7 9. Bd3 Bxd3 10. Qxd3 Ngf6 11. Bd2 e6 12. O-O-O Qc7 13. Ne4 Nxe4 14. Qxe4
Nf6 15. Qe2 O-O-O 16. Kb1 Bd6 17. c4 c5 18. Bc3 Kb8 19. dxc5 Bxc5 20. Ne5 Ka8
21. f4 Bd6 22. Rd3 Bxe5 23. Bxe5 Qc8 24. Rhd1 Rxd3 25. Rxd3 Rd8 26. Bxf6 gxf6
27. g4 a6 28. a3 Rxd3 29. Qxd3 Qg8 30. Qd1 f5 31. gxf5 exf5 32. Qd4 Qc8 33. Qd5
Qe6 34. Qxe6 fxe6 35. Kc2 Kb8 36. Kd3 Kc7 37. Kd4 Kd7 38. Ke5 Ke7 39. c5 a5 40.
b4 axb4 41. axb4 1-0

[Event "Skakthing Reykjavikur"]
[Site "Reykjavik"]
[Date "2017.01.08"]
[Round "1"]
[White "Arnarsson, Smari"]
[Black "Viglundsson, Bjorgvin"]
[Result "0-1"]
[WhiteElo "1501"]
[BlackElo "2185"]
[PlyCount "94"]
[EventDate "2017.01.08"]
[EventType "swiss"]
[EventRounds "9"]
[EventCountry "ISL"]

1. e4 c5 2. Nf3 a6 3. c3 Nf6 4. e5 Nd5 5. Bc4 Nb6 6. Bb3 d5 7. d4 e6 8. a4 Nc6
9. O-O cxd4 10. cxd4 Be7 11. Bd2 O-O 12. Bc3 Bd7 13. Bc2 Nb4 14. Bxb4 Bxb4 15.
Qd3 g6 16. h4 Rc8 17. Nbd2 Be7 18. h5 Nc4 19. Nxc4 Rxc4 20. Nd2 Rc8 21. Rfc1
Qb6 22. Bb3 Bg5 23. Rxc8 Rxc8 24. Nf3 Bc1 25. Rxc1 Rxc1+ 26. Kh2 Qd8 27. Qd2
Rc8 28. Qf4 Qe7 29. Ng5 h6 30. Nh3 Kg7 31. Qd2 g5 32. Bc2 f5 33. exf6+ Qxf6 34.
Qd3 Rh8 35. Qc3 Rc8 36. Qd3 Qf5 37. Qa3 Rxc2 38. Qe7+ Qf7 39. Qd6 Be8 40. Qe5+
Qf6 41. Qb8 Bf7 42. f3 Qxf3 43. Qe5+ Qf6 44. Qe3 Bxh5 45. Qb3 Rc7 46. Qe3 Rf7
47. b3 Bg4 0-1

[Event "Skakthing Reykjavikur"]
[Site "Reykjavik"]
[Date "2017.01.08"]
[Round "1"]
[White "Birkisson, Bardur Orn"]
[Black "Sigurvaldason, Hjalmar Hrafn"]
[Result "1-0"]
[WhiteElo "2175"]
[BlackElo "1464"]
[PlyCount "73"]
[EventDate "2017.01.08"]
[EventType "swiss"]
[EventRounds "9"]
[EventCountry "ISL"]

1. d4 d5 2. Bf4 c6 3. Nf3 Qb6 4. Qc1 Nf6 5. e3 Bf5 6. c4 e6 7. c5 Qd8 8. h3 Be7
9. Nc3 O-O 10. Nh4 Bg6 11. Nxg6 hxg6 12. Bd3 Nbd7 13. O-O Re8 14. b4 Bf8 15.
Bg3 e5 16. f3 e4 17. fxe4 Nxe4 18. Nxe4 dxe4 19. Bc4 Nf6 20. a4 Nd5 21. Rb1 Qg5
22. Bf4 Nxf4 23. Rxf4 Re7 24. Qf1 Rd8 25. Qf2 Rd5 26. Bxd5 Qxd5 27. Qb2 g5 28.
Rf2 g6 29. Qb3 Qd7 30. Rbf1 g4 31. hxg4 Bh6 32. b5 Kg7 33. g3 cxb5 34. axb5 b6
35. c6 Qc7 36. Rxf7+ Kh8 37. Kg2 1-0

[Event "Skakthing Reykjavikur"]
[Site "Reykjavik"]
[Date "2017.01.08"]
[Round "1"]
[White "Briem, Benedikt"]
[Black "Fridjonsson, Julius"]
[Result "0-1"]
[WhiteElo "1417"]
[BlackElo "2145"]
[PlyCount "64"]
[EventDate "2017.01.08"]
[EventType "swiss"]
[EventRounds "9"]
[EventCountry "ISL"]

1. d4 d5 2. c4 c6 3. Nf3 Nf6 4. Nc3 dxc4 5. a4 Bf5 6. g3 e6 7. Bg2 Nbd7 8. Nh4
Bg4 9. h3 Bh5 10. Qc2 Nd5 11. Na2 N7b6 12. e3 a5 13. Bd2 Be7 14. Nf3 Bg6 15.
Qc1 Nxa4 16. Ne5 Nab6 17. Nxc4 O-O 18. Nxa5 Qd7 19. Nc4 Nxc4 20. Qxc4 b5 21.
Qc1 Bd3 22. e4 Rxa2 23. Rxa2 Nb4 24. Ra5 Nc2+ 25. Kd1 Qxd4 26. Bf1 Bxe4 27. Rh2
Rd8 28. f3 Ne3+ 29. Ke2 Bd3+ 30. Ke1 Nc2+ 31. Kd1 Qg1 32. Re2 Qxf1+ 0-1

[Event "Skakthing Reykjavikur"]
[Site "Reykjavik"]
[Date "2017.01.08"]
[Round "1"]
[White "Ingvason, Johann"]
[Black "Magnusson, Thorsteinn"]
[Result "1-0"]
[WhiteElo "2124"]
[BlackElo "1383"]
[PlyCount "31"]
[EventDate "2017.01.08"]
[EventType "swiss"]
[EventRounds "9"]
[EventCountry "ISL"]

1. e4 e6 2. d4 d5 3. Nc3 Bb4 4. e5 c5 5. a3 Bxc3+ 6. bxc3 Qc7 7. Nf3 Ne7 8. Bd3
b6 9. a4 Ba6 10. O-O cxd4 11. cxd4 O-O 12. Bxh7+ Kxh7 13. Ng5+ Kg8 14. Ba3 g6
15. Qf3 Qxe5 16. dxe5 1-0

[Event "Skakthing Reykjavikur"]
[Site "Reykjavik"]
[Date "2017.01.08"]
[Round "1"]
[White "Heidarsson, Arnar"]
[Black "Arnarsson, Hrannar"]
[Result "0-1"]
[WhiteElo "1376"]
[BlackElo "2066"]
[PlyCount "70"]
[EventDate "2017.01.08"]
[EventType "swiss"]
[EventRounds "9"]
[EventCountry "ISL"]

1. d4 Nf6 2. Bf4 g6 3. Nf3 Bg7 4. h3 O-O 5. e3 d6 6. Bd3 Nbd7 7. c3 c5 8. O-O
Qb6 9. Qc2 Nd5 10. Bh2 cxd4 11. exd4 e5 12. dxe5 dxe5 13. Nbd2 Nf4 14. Bc4 Nc5
15. b4 Nce6 16. Rfe1 Qc7 17. Qb3 Bd7 18. Re3 b5 19. Bf1 Bc6 20. g3 Bd5 21. c4
bxc4 22. Bxc4 Nd4 23. Nxd4 exd4 24. Ree1 Nxh3+ 25. Kf1 Bxc4+ 26. Nxc4 Qc6 27.
f3 d3 28. Qxd3 Bxa1 29. Rxa1 Rad8 30. Ne5 Qf6 31. Qc3 Rd5 32. g4 Rfd8 33. Kg2
Nf4+ 34. Bxf4 Qxf4 35. Re1 Qd2+ 0-1

[Event "Skakthing Reykjavikur"]
[Site "Reykjavik"]
[Date "2017.01.08"]
[Round "1"]
[White "Jonsson, Gauti Pall"]
[Black "Thrastarson, Tryggvi K"]
[Result "1-0"]
[WhiteElo "2036"]
[BlackElo "1353"]
[PlyCount "105"]
[EventDate "2017.01.08"]
[EventType "swiss"]
[EventRounds "9"]
[EventCountry "ISL"]

1. e4 e5 2. Nf3 Nc6 3. d4 exd4 4. Nxd4 Nxd4 5. Qxd4 d6 6. Bc4 Qf6 7. Qe3 a6 8.
O-O Qd8 9. Nc3 Nf6 10. a4 Be7 11. h3 O-O 12. b3 b6 13. Bb2 Bb7 14. Rad1 Qc8 15.
Kh1 Bc6 16. Nd5 Re8 17. Qg3 Bxd5 18. Rxd5 Qd8 19. Rg5 Bf8 20. Bxf6 Qxf6 21. Rf5
Qe7 22. Rxf7 Qxf7 23. Bxf7+ Kxf7 24. Qd3 Re6 25. Qd5 Rae8 26. f4 Ke7 27. Rd1
Kd7 28. e5 g6 29. c4 c6 30. Qd4 Kc7 31. b4 Be7 32. c5 d5 33. cxb6+ Kb7 34. g4
Bf8 35. b5 Rd8 36. bxa6+ Kxa6 37. Qd3+ Kb7 38. a5 Ra8 39. Qc3 Ree8 40. f5 gxf5
41. gxf5 Bh6 42. Rxd5 cxd5 43. Qc7+ Ka6 44. b7 Be3 45. Qc6+ Ka7 46. bxa8=Q+
Rxa8 47. Qxd5 Rb8 48. e6 Rb1+ 49. Kh2 Bf4+ 50. Kg2 Rb2+ 51. Kf3 Rd2 52. Qxd2
Bxd2 53. e7 1-0

[Event "Skakthing Reykjavikur"]
[Site "Reykjavik"]
[Date "2017.01.08"]
[Round "1"]
[White "Sigurdsson, Sveinn"]
[Black "Birkisson, Bjorn Holm"]
[Result "0-1"]
[WhiteElo "1295"]
[BlackElo "1979"]
[PlyCount "54"]
[EventDate "2017.01.08"]
[EventType "swiss"]
[EventRounds "9"]
[EventCountry "ISL"]

1. d4 Nf6 2. Bf4 d5 3. e3 c5 4. Nf3 Nc6 5. c3 Qb6 6. Qb3 c4 7. Qxb6 axb6 8. Be2
b5 9. Na3 Ra5 10. Bc7 Rxa3 11. bxa3 Ne4 12. Rc1 e6 13. O-O Bxa3 14. Rc2 b4 15.
Nd2 Nxd2 16. Rxd2 bxc3 17. Rc2 Nb4 18. Rxc3 Bb2 19. Rcc1 Bxc1 20. Rxc1 Nxa2 21.
Ra1 Nc3 22. Bg4 Kd7 23. Be5 f6 24. Bb8 Kc6 25. Ra5 b6 26. Ra7 Bb7 27. Bxe6 Rxb8
0-1

[Event "Skakthing Reykjavikur"]
[Site "Reykjavik"]
[Date "2017.01.08"]
[Round "1"]
[White "Mai, Aron Thor"]
[Black "Peng, Gudmundur"]
[Result "1-0"]
[WhiteElo "1965"]
[BlackElo "1267"]
[PlyCount "43"]
[EventDate "2017.01.08"]
[EventType "swiss"]
[EventRounds "9"]
[EventCountry "ISL"]

1. e4 e5 2. Nf3 Nc6 3. d4 exd4 4. Bc4 Bc5 5. c3 Nge7 6. Ng5 Ne5 7. Nxf7 Nxf7 8.
Bxf7+ Kxf7 9. Qh5+ Ng6 10. Qd5+ Ke8 11. Qxc5 dxc3 12. Nxc3 d6 13. Qd4 Qe7 14.
Nd5 Qf7 15. O-O Be6 16. Bd2 Kd7 17. Rac1 Bxd5 18. exd5 Qf6 19. Qg4+ Ke8 20.
Rxc7 b6 21. Bg5 Ne5 22. Qa4+ 1-0

[Event "Skakthing Reykjavikur"]
[Site "Reykjavik"]
[Date "2017.01.08"]
[Round "1"]
[White "Petursson, Armann"]
[Black "Fivelstad, Jon Olav"]
[Result "0-1"]
[WhiteElo "1256"]
[BlackElo "1920"]
[PlyCount "92"]
[EventDate "2017.01.08"]
[EventType "swiss"]
[EventRounds "9"]
[EventCountry "ISL"]

1. c4 Nf6 2. g3 g6 3. Bg2 Bg7 4. Nf3 O-O 5. O-O d6 6. Nc3 e5 7. d3 c6 8. Rb1
Re8 9. b4 d5 10. e3 Bf5 11. Nh4 Be6 12. cxd5 Nxd5 13. Nxd5 Bxd5 14. a3 Na6 15.
e4 Be6 16. Nf3 h6 17. Be3 Nc7 18. a4 Qe7 19. Qd2 Kh7 20. d4 Red8 21. Qc3 exd4
22. Bxd4 Ne8 23. Bxg7 Nxg7 24. Nd4 Rd6 25. b5 cxb5 26. Nxb5 Rc6 27. Qb4 Qxb4
28. Rxb4 a5 29. Rbb1 Rc4 30. Ra1 Rd8 31. e5 b6 32. Nd6 Rb4 33. Bc6 Nf5 34. Ne8
Nd4 35. Nf6+ Kg7 36. Bg2 Bb3 37. f4 Rxa4 38. Rxa4 Bxa4 39. Ra1 Bb3 40. Kf2 a4
41. Bf1 Nc2 42. Rc1 a3 43. Bc4 Rd2+ 44. Be2 Bc4 45. Rd1 Rxd1 46. Bxd1 Nb4 0-1

[Event "Skakthing Reykjavikur"]
[Site "Reykjavik"]
[Date "2017.01.08"]
[Round "1"]
[White "Eliasson, Kristjan Orn"]
[Black "Baldursson, Atli Mar"]
[Result "1-0"]
[WhiteElo "1900"]
[BlackElo "1226"]
[PlyCount "109"]
[EventDate "2017.01.08"]
[EventType "swiss"]
[EventRounds "9"]
[EventCountry "ISL"]

1. e4 c5 2. Nf3 e6 3. d4 cxd4 4. Nxd4 Nf6 5. Bd3 Nc6 6. c3 Bc5 7. Nb3 Be7 8.
Qe2 Qc7 9. f4 e5 10. O-O d5 11. exd5 Nxd5 12. fxe5 Qxe5 13. Qxe5 Nxe5 14. Be4
Nf6 15. Bc2 b6 16. Bf4 Nc4 17. N1d2 Nxd2 18. Nxd2 Bc5+ 19. Kh1 O-O 20. Nb3 Ba6
21. Rf3 Bb7 22. Rff1 Ba6 23. Rfd1 Ng4 24. Nxc5 Nf2+ 25. Kg1 Nxd1 26. Nxa6 Nxb2
27. Nc7 Rad8 28. Nb5 a6 29. Nd4 Rc8 30. Rb1 Nc4 31. Bf5 Rc5 32. Bd3 Rd8 33. Be2
h6 34. Nb3 Rc6 35. a4 g5 36. Bg3 Re8 37. Nd4 Rc5 38. Rb4 Nd2 39. Be1 Ne4 40.
Rb3 Ra5 41. Rxb6 Rxa4 42. Rb1 Nf6 43. Bf3 Ra2 44. Nf5 Kh7 45. h3 Kg6 46. Ng3
Re3 47. Nf1 Re5 48. Bf2 Ne4 49. Bd4 Re6 50. Bd1 Ra3 51. Bc2 f6 52. Ng3 f5 53.
Nxe4 fxe4 54. Re1 Kf7 55. Bxe4 1-0

[Event "Skakthing Reykjavikur"]
[Site "Reykjavik"]
[Date "2017.01.08"]
[Round "1"]
[White "Olafsson, Arni"]
[Black "Jonsson, Olafur Gisli"]
[Result "0-1"]
[WhiteElo "1224"]
[BlackElo "1865"]
[PlyCount "122"]
[EventDate "2017.01.08"]
[EventType "swiss"]
[EventRounds "9"]
[EventCountry "ISL"]

1. e4 e5 2. Nf3 Nc6 3. Nc3 Nf6 4. Bb5 Bb4 5. d3 d6 6. O-O O-O 7. Bg5 Bxc3 8.
bxc3 h6 9. Bh4 Qe7 10. Re1 Nd8 11. d4 Bg4 12. h3 Bh5 13. Qd3 c6 14. Ba4 Bxf3
15. Qxf3 Ne6 16. Bxf6 Qxf6 17. Qxf6 gxf6 18. Rad1 Rfd8 19. Bb3 Nf4 20. Re3 b5
21. Rf3 Kf8 22. g3 Nxh3+ 23. Kg2 Ng5 24. Rxf6 Kg7 25. Rf5 f6 26. Re1 Kg6 27. f3
Rac8 28. Kf2 c5 29. dxc5 dxc5 30. Bd5 Rxd5 31. Rxg5+ hxg5 32. exd5 Rd8 33. Rd1
Kf7 34. Ke3 f5 35. g4 Kf6 36. d6 fxg4 37. fxg4 Ke6 38. Rh1 Rxd6 39. Rh6+ Kd5
40. Rxd6+ Kxd6 41. Ke4 Ke6 42. Kd3 Kd5 43. a3 e4+ 44. Ke3 c4 45. Kf2 Ke5 46.
Ke3 a6 47. Ke2 Kf4 48. Kf2 Kxg4 49. Ke3 Kf5 50. Kf2 Kf4 51. Ke2 g4 52. Kf2 g3+
53. Ke2 g2 54. a4 g1=Q 55. a5 Qg2+ 56. Kd1 Ke3 57. Kc1 Qg1+ 58. Kb2 Kd2 59. Ka3
Kxc3 60. Ka2 e3 61. Ka3 Qa1# 0-1

[Event "Skakthing Reykjavikur"]
[Site "Reykjavik"]
[Date "2017.01.08"]
[Round "1"]
[White "Antonsson, Atli"]
[Black "Kristofersson, Sindri Snaer"]
[Result "1-0"]
[WhiteElo "1857"]
[BlackElo "1207"]
[PlyCount "51"]
[EventDate "2017.01.08"]
[EventType "swiss"]
[EventRounds "9"]
[EventCountry "ISL"]

1. e4 c5 2. d4 cxd4 3. c3 dxc3 4. Nxc3 Nc6 5. Nf3 e6 6. Bc4 Be7 7. O-O a6 8.
Qe2 b5 9. Bb3 Bb7 10. Be3 d6 11. Rfd1 Qc7 12. Rac1 Nf6 13. Ng5 O-O 14. f4 h6
15. Nf3 Rad8 16. f5 e5 17. Nd5 Qd7 18. Bb6 Rde8 19. Nxe5 Nxe5 20. Rc7 Qd8 21.
Rxb7 Qc8 22. Nxe7+ Rxe7 23. Rxe7 Ned7 24. Qe3 Kh8 25. Rxf7 Re8 26. Be6 1-0

[Event "Skakthing Reykjavikur"]
[Site "Reykjavik"]
[Date "2017.01.08"]
[Round "1"]
[White "Karlsson, Isak Orri"]
[Black "Mai, Alexander Oliver"]
[Result "0-1"]
[WhiteElo "1200"]
[BlackElo "1837"]
[PlyCount "62"]
[EventDate "2017.01.08"]
[EventType "swiss"]
[EventRounds "9"]
[EventCountry "ISL"]

1. d4 Nf6 2. c4 g6 3. Nc3 Bg7 4. e4 d6 5. Nge2 O-O 6. Be3 Nbd7 7. f4 e5 8. h3
exd4 9. Nxd4 Re8 10. Bd3 Nc5 11. Qc2 Qe7 12. O-O-O Ncxe4 13. Bxe4 Nxe4 14. Nd5
Qd8 15. g4 Nf6 16. Rde1 c5 17. Nb5 Nxd5 18. cxd5 a6 19. Nc3 f5 20. g5 Bd7 21.
h4 b5 22. h5 Qa5 23. Bd2 b4 24. Nb1 Qxa2 25. h6 b3 26. hxg7 bxc2 27. Nc3 Qb3
28. Reg1 Rab8 29. Na4 Bxa4 30. Bc3 Re3 31. Bf6 Qxd5 0-1

[Event "Skakthing Reykjavikur"]
[Site "Reykjavik"]
[Date "2017.01.08"]
[Round "1"]
[White "Briem, Stephan"]
[Black "Omarsson, Adam"]
[Result "1-0"]
[WhiteElo "1803"]
[BlackElo "1070"]
[PlyCount "45"]
[EventDate "2017.01.08"]
[EventType "swiss"]
[EventRounds "9"]
[EventCountry "ISL"]

1. d4 d5 2. c4 c6 3. Nf3 Nf6 4. Nc3 g6 5. Bf4 Nbd7 6. e3 Bg7 7. Be2 O-O 8. O-O
b6 9. Rc1 Bb7 10. cxd5 cxd5 11. Qb3 e6 12. h3 Qe7 13. Nb5 Rfc8 14. Nd6 Rxc1 15.
Rxc1 Nf8 16. Nxb7 Qxb7 17. Rc7 Qb8 18. Rxf7 Qd8 19. Rc7 Ne4 20. Qc2 g5 21. Bh2
Nd6 22. Qc6 Rc8 23. Qxd6 1-0

[Event "Skakthing Reykjavikur"]
[Site "Reykjavik"]
[Date "2017.01.08"]
[Round "1"]
[White "Thorisson, Benedikt"]
[Black "Haraldsson, Sigurjon"]
[Result "0-1"]
[WhiteElo "1061"]
[BlackElo "1784"]
[PlyCount "134"]
[EventDate "2017.01.08"]
[EventType "swiss"]
[EventRounds "9"]
[EventCountry "ISL"]

1. e4 c5 2. Nf3 Nc6 3. d4 cxd4 4. Nxd4 Nf6 5. Nc3 d6 6. Bb5 Bd7 7. O-O g6 8.
Be3 Bg7 9. f3 O-O 10. Nxc6 bxc6 11. Bc4 Qc7 12. Qd2 Rab8 13. b3 Qa5 14. a4 e6
15. Rad1 d5 16. exd5 exd5 17. Bd3 Kh8 18. Rfe1 Be6 19. Ne2 Qc7 20. Bf4 Qb6+ 21.
Be3 c5 22. Bb5 a6 23. Bd3 Qc6 24. Ng3 c4 25. bxc4 dxc4 26. Be4 Qxa4 27. Ra1 Qb5
28. Qa5 Nxe4 29. Nxe4 Bxa1 30. Rxa1 Rfd8 31. Bd2 Qxa5 32. Rxa5 Rxd2 33. Nxd2
Rb2 34. Rxa6 Rxc2 35. Ne4 h6 36. Nc5 Bf5 37. g4 Rc1+ 38. Kf2 Bb1 39. h4 Rd1 40.
Na4 Rd3 41. h5 Ra3 42. Nc5 Rxa6 43. Nxa6 Kg7 44. Kg3 Kf6 45. Kf4 c3 46. Nb4 c2
47. Nxc2 Bxc2 48. hxg6 fxg6 49. Kg3 Ke5 50. f4+ Ke4 51. g5 h5 52. Kh3 Kxf4 53.
Kh4 Kf5 54. Kh3 Kxg5 55. Kg3 Bf5 56. Kh2 Kf4 57. Kg2 g5 58. Kf2 g4 59. Kg2 g3
60. Kg1 Kf3 61. Kh1 g2+ 62. Kg1 Bg4 63. Kh2 Bc8 64. Kg1 Ba6 65. Kh2 Kf2 66. Kh3
g1=Q 67. Kh4 Qg4# 0-1

[Event "Skakthing Reykjavikur"]
[Site "Reykjavik"]
[Date "2017.01.08"]
[Round "1"]
[White "Gardarsson, Halldor"]
[Black "Thorisson, Bjartur"]
[Result "1-0"]
[WhiteElo "1783"]
[BlackElo "1010"]
[PlyCount "61"]
[EventDate "2017.01.08"]
[EventType "swiss"]
[EventRounds "9"]
[EventCountry "ISL"]

1. e4 e5 2. Nf3 Nc6 3. Bc4 Be7 4. d3 Nf6 5. O-O d6 6. Nbd2 O-O 7. h3 b6 8. a4
Bb7 9. Re1 Nd4 10. c3 Nxf3+ 11. Nxf3 d5 12. exd5 Nxd5 13. Nxe5 Qd6 14. d4 c5
15. Qf3 cxd4 16. cxd4 Rab8 17. Qb3 Rfd8 18. Be3 Bf6 19. Ng4 Be7 20. Rad1 Qg6
21. Bd2 Nc3 22. Qxc3 h5 23. Rxe7 hxg4 24. Bxf7+ Qxf7 25. Rxf7 Kxf7 26. hxg4 Rh8
27. Qb3+ Ke7 28. Re1+ Kd7 29. Qf7+ Kc6 30. Rc1+ Kd6 31. Bf4# 1-0